<?xml version="1.0" encoding="UTF-8"?><?xml-stylesheet type="text/xsl" href="static/style.xsl"?><OAI-PMH xmlns="http://www.openarchives.org/OAI/2.0/" xmlns:xsi="http://www.w3.org/2001/XMLSchema-instance" xsi:schemaLocation="http://www.openarchives.org/OAI/2.0/ http://www.openarchives.org/OAI/2.0/OAI-PMH.xsd"><responseDate>2026-04-17T16:14:30Z</responseDate><request verb="GetRecord" identifier="oai:www.recercat.cat:11351/12570" metadataPrefix="marc">https://recercat.cat/oai/request</request><GetRecord><record><header><identifier>oai:recercat.cat:11351/12570</identifier><datestamp>2025-10-24T10:31:11Z</datestamp><setSpec>com_2072_378070</setSpec><setSpec>com_2072_378040</setSpec><setSpec>col_2072_378092</setSpec></header><metadata><record xmlns="http://www.loc.gov/MARC21/slim" xmlns:dcterms="http://purl.org/dc/terms/" xmlns:xsi="http://www.w3.org/2001/XMLSchema-instance" xmlns:doc="http://www.lyncode.com/xoai" xsi:schemaLocation="http://www.loc.gov/MARC21/slim http://www.loc.gov/standards/marcxml/schema/MARC21slim.xsd">
   <leader>00925njm 22002777a 4500</leader>
   <datafield ind2=" " ind1=" " tag="042">
      <subfield code="a">dc</subfield>
   </datafield>
   <datafield ind2=" " ind1=" " tag="720">
      <subfield code="a">CALVO VILLAS, JOSE MANUEL</subfield>
      <subfield code="e">author</subfield>
   </datafield>
   <datafield ind2=" " ind1=" " tag="720">
      <subfield code="a">Garcia Diaz, Covadonga</subfield>
      <subfield code="e">author</subfield>
   </datafield>
   <datafield ind2=" " ind1=" " tag="720">
      <subfield code="a">Galmés, Bernat</subfield>
      <subfield code="e">author</subfield>
   </datafield>
   <datafield ind2=" " ind1=" " tag="720">
      <subfield code="a">Carvalho, Manuela</subfield>
      <subfield code="e">author</subfield>
   </datafield>
   <datafield ind2=" " ind1=" " tag="720">
      <subfield code="a">Nuñez, Ramiro</subfield>
      <subfield code="e">author</subfield>
   </datafield>
   <datafield ind2=" " ind1=" " tag="720">
      <subfield code="a">Benítez Hidalgo, Olga</subfield>
      <subfield code="e">author</subfield>
   </datafield>
   <datafield ind2=" " ind1=" " tag="260">
      <subfield code="c">2025-02-10T07:30:48Z</subfield>
   </datafield>
   <datafield ind2=" " ind1=" " tag="260">
      <subfield code="c">2025-02-10T07:30:48Z</subfield>
   </datafield>
   <datafield ind2=" " ind1=" " tag="260">
      <subfield code="c">2024-09-06</subfield>
   </datafield>
   <datafield ind2=" " ind1=" " tag="520">
      <subfield code="a">Hemophilia A; Factor VIII</subfield>
   </datafield>
   <datafield ind2=" " ind1=" " tag="520">
      <subfield code="a">Hemofília A; Factor VIII</subfield>
   </datafield>
   <datafield ind2=" " ind1=" " tag="520">
      <subfield code="a">Hemofilia A; Factor VIII</subfield>
   </datafield>
   <datafield ind2=" " ind1=" " tag="520">
      <subfield code="a">The real-world outcomes of lonoctocog alfa (rVIII-SingleChain), a long-acting factor VIII (FVIII) with a favorable safety and efficacy profile in trials, were assessed in patients with hemophilia A in Iberian (Spain and Portugal). This was a retrospective study involving patients switching to rVIII-SingleChain from other FVIIIs in 7 Spanish and Portuguese hospitals. The efficacy and safety of replacement therapies were compared between 12 months before switching and the period from switching to the end of the study. Twenty-nine patients (median age 25 years; severe hemophilia A, 37.9%) were recruited. Before switching, 12 were on prophylaxis and were followed-up for a median of 12 months. After switching, 17 received prophylaxis with rVIII-SingleChain and were followed-up for a median of 41 months. Those with ≤2 weekly infusions increased from 37.5% before switching to 60.7% after switching to rVIII-SingleChain. The median monthly consumption was 312 IU/kg with prior FVIIIs and 273 IU/kg with rVII-SingleChain. Six spontaneous bleeds were reported in each period in the prophylaxis patients. In the entire cohort, 50 bleeds were reported with prior FVIIIs and 33 were reported after switching to rVIII-SingleChain. Patients requiring ≤1 dose for hemostasis increased from 44.0% with prior FVIIIs to 60.6% with rVIII-SingleChain. Responses were rated good/excellent in 95.4% of cases. No safety concerns were reported. Patients who switched to rVIII-SingleChain prophylaxis had excellent bleeding control and reduced infusion frequency in regular clinical practice, with the subsequent increase in quality-of-life.</subfield>
   </datafield>
   <datafield ind1="8" ind2=" " tag="024">
      <subfield code="a">http://hdl.handle.net/11351/12570</subfield>
   </datafield>
   <datafield tag="653" ind2=" " ind1=" ">
      <subfield code="a">Avaluació de resultats (Assistència sanitària)</subfield>
   </datafield>
   <datafield tag="653" ind2=" " ind1=" ">
      <subfield code="a">Hemofília - Tractament</subfield>
   </datafield>
   <datafield tag="653" ind2=" " ind1=" ">
      <subfield code="a">Sang - Coagulació - Factor VIII - Ús terapèutic</subfield>
   </datafield>
   <datafield tag="653" ind2=" " ind1=" ">
      <subfield code="a">DISEASES::Hemic and Lymphatic Diseases::Hematologic Diseases::Blood Coagulation Disorders::Blood Coagulation Disorders, Inherited::Hemophilia A</subfield>
   </datafield>
   <datafield tag="653" ind2=" " ind1=" ">
      <subfield code="a">Other subheadings::Other subheadings::Other subheadings::/drug therapy</subfield>
   </datafield>
   <datafield tag="653" ind2=" " ind1=" ">
      <subfield code="a">CHEMICALS AND DRUGS::Amino Acids, Peptides, and Proteins::Proteins::Blood Proteins::Blood Coagulation Factors::Factor VIII</subfield>
   </datafield>
   <datafield tag="653" ind2=" " ind1=" ">
      <subfield code="a">Other subheadings::Other subheadings::/therapeutic use</subfield>
   </datafield>
   <datafield tag="653" ind2=" " ind1=" ">
      <subfield code="a">ANALYTICAL, DIAGNOSTIC AND THERAPEUTIC TECHNIQUES, AND EQUIPMENT::Diagnosis::Prognosis::Treatment Outcome</subfield>
   </datafield>
   <datafield tag="653" ind2=" " ind1=" ">
      <subfield code="a">ENFERMEDADES::enfermedades hematológicas y linfáticas::enfermedades hematológicas::trastornos de la coagulación sanguínea::trastornos de la coagulación sanguínea hereditarios::hemofilia A</subfield>
   </datafield>
   <datafield tag="653" ind2=" " ind1=" ">
      <subfield code="a">Otros calificadores::Otros calificadores::Otros calificadores::/farmacoterapia</subfield>
   </datafield>
   <datafield tag="653" ind2=" " ind1=" ">
      <subfield code="a">COMPUESTOS QUÍMICOS Y DROGAS::aminoácidos, péptidos y proteínas::proteínas::proteínas sanguíneas::factores de coagulación de la sangre::factor VIII</subfield>
   </datafield>
   <datafield tag="653" ind2=" " ind1=" ">
      <subfield code="a">Otros calificadores::Otros calificadores::/uso terapéutico</subfield>
   </datafield>
   <datafield tag="653" ind2=" " ind1=" ">
      <subfield code="a">TÉCNICAS Y EQUIPOS ANALÍTICOS, DIAGNÓSTICOS Y TERAPÉUTICOS::diagnóstico::pronóstico::resultado del tratamiento</subfield>
   </datafield>
   <datafield ind2="0" ind1="0" tag="245">
      <subfield code="a">Switching hemophilia A patients to rVIII-SingleChain: The Iberian experience</subfield>
   </datafield>
</record></metadata></record></GetRecord></OAI-PMH>